El señor de los anillos

Furkejuvvon:
Bibliográfalaš dieđut
Váldodahkki: Tolkien, J. R. R (Dahkki)
Materiálatiipa: Girji
Giella:espánnjágiella
Almmustuhtton: Buenos Aires Minotauro 1993
Fáttát:
Fáddágilkorat: Lasit fáddágilkoriid
Eai fáddágilkorat, Lasit vuosttaš fáddágilkora!

MARC

LEADER 00000cam a2200000 a 4500
001 UCE6462
003 CL-VaPUC
008 150416e19930000ag |||||||||||||||||spa|d
020 |a 9505470029v.1 
020 |a 9505470061v.2 
020 |a 9505470479v.3 
082 0 4 |a 823  |b TOL  |2 21 
100 0 |a Tolkien, J. R. R  |e author  |9 554717 
245 1 3 |a El señor de los anillos 
300 |a v 
942 |c BK 
945 |d 20150416 10:41:00  |a cmena 
260 |a Buenos Aires  |b Minotauro  |c 1993 
500 |a v.1: La comunidad del anillo 
500 |a v.2: Las dos torres 
500 |a v.3: El retorno del rey 
650 0 |a Novelas inglesas  |9 265220 
650 0 |a Mitología   |9 255719 
650 0 |a Literatura inglesa  |9 312907 
650 7 |a REALISMO MAGICO  |2 CL-VaPUC  |9 474978 
583 |a last modification  |c 20150526 03:22:38  |k Rodrigo Vera 
999 |c 358788  |d 358786 
952 |0 0  |1 0  |3 erb  |4 0  |6 823_000000000000000_TOL_1993  |7 0  |8 A  |9 467681  |a BIBEDU  |b BIBEDU  |e Villagrán Garnham, Jorge  |h v.2  |i 5170001  |o 823 TOL 1993  |p 5170001  |r 2024-06-10  |w 2019-11-23  |y BK  |z Catalogado en:20150416  |k LIT 
952 |0 0  |1 0  |3 erb  |4 0  |6 823_000000000000000_TOL_1993  |7 0  |8 A  |9 467682  |a BIBEDU  |b BIBEDU  |e Villagrán Garnham, Jorge  |h v.3  |i 517001K  |o 823 TOL 1993  |p 517001K  |r 2024-06-10  |w 2019-11-23  |y BK  |z Catalogado en:20150416  |k LIT 
952 |0 0  |1 0  |3 erb  |4 0  |6 823_000000000000000_TOL_1993  |7 0  |8 A  |9 467683  |a BIBEDU  |b BIBEDU  |e Villagrán Garnham, Jorge  |h v.1  |i 5176050  |o 823 TOL 1993  |p 5176050  |r 2019-11-23  |w 2019-11-23  |y BK  |z Catalogado en:20150529  |k LIT